[Event "47th GER-ch Blitz 2020"]
[Site "Magdeburg"]
[Date "2020.08.15"]
[Round "8.4"]
[White "Berger, Steve"]
[Black "Reichmann, Hendrik"]
[Result "0-1"]
[WhiteElo "2408"]
[BlackElo "2348"]
[Annotator "TA"]
[PlyCount "100"]
[EventDate "2020.07.28"]
[EventType "tourn"]
[EventCountry "GER"]
[SourceTitle "playchess.com"]
[Source "ChessBase"]
[SourceQuality "1"]

{[%evp 11,99,53,50,41,39,35,56,46,58,62,50,93,129,143,179,165,154,113,105,96,196,193,194,187,216,222,239,217,203,168,222,197,223,192,186,150,245,242,402,342,510,444,497,276,279,258,275,271,312,117,101,52,58,63,64,58,175,100,179,191,277,238,489,-29997,656,649,647,575,29988,1618,6191,413,29991,29984,29987,29988,29988,-92,-27,-35,-97,-204,-243,-398,-375,-789,-771,-781,-733,-29999]} 1. e4 g6 2. d4 Bg7 3. Nc3 d6 4. Be3 a6 5. Qd2 Nd7 6. O-O-O b5 7. Kb1 {B06: Modern Defence.} Bb7 8. f3 Rc8 9. g4 {White is slightly better.} c5 10. h4 b4 11. Nce2 $1 {[%cal Bc3e2,Be2d4,Bd4b3][%mdl 32]} Qa5 12. h5 $1 {[#]} Ngf6 $146 ({Predecessor:} 12... c4 13. c3 bxc3 14. Qxc3 Qxc3 15. Nxc3 e6 16. Nge2 d5 17. e5 Ne7 18. Ng3 Nc6 {0-1 (70) Bashilin,R (1620)-Gremmel,J (1845) Playchess.com INT 2020}) 13. h6 Bf8 14. dxc5 Nxc5 15. Nd4 Nfxe4 (15... e5 $16) 16. fxe4 $18 Nxe4 17. Qe1 e5 18. Nb3 $1 {[%cal Rb3a5]} ({Not} 18. a3 d5 $11) 18... Qc7 19. Rh2 Be7 20. Bd3 a5 (20... O-O $142 21. Qxb4 Nf6) 21. Bc1 Nc5 22. Nxc5 Qxc5 23. Qe3 Qc7 (23... O-O $16 24. Qxc5 Rxc5) 24. Bb5+ Kf8 $2 (24... Bc6 {keeps fighting.}) 25. Rf2 f6 (25... Bc6 $142) 26. Rdf1 Kf7 27. Ba4 (27. Nh3 $142 Bc6 28. Ng5+ Ke8 29. Ne6) 27... Rhf8 28. Bb3+ Ke8 29. Nf3 Bc6 30. Nd2 $2 (30. Be6 $18 {has better winning chances.}) 30... d5 $16 {Strongly threatening ...a4.} 31. c4 bxc3 $1 32. Qxc3 a4 33. Bc2 d4 (33... Bb5 $14) 34. Qh3 ({White should try} 34. Qd3 $1 $18) 34... Bd7 (34... Kf7 $16) 35. Ne4 $18 f5 (35... Qc6 $142) 36. gxf5 {[%mdl 64] Overworked Piece} Bxf5 $2 (36... Rxf5 37. Qg3 a3) 37. Rxf5 $4 {[%mdl 8192]} (37. Bxa4+ $18 Kd8 38. Rxf5 Rxf5 39. Bd2) 37... gxf5 $4 {[%mdl 8192]} (37... Qxc2+ {and all is fine.} 38. Ka1 Qxc1+ {[%mdl 64] Back Rank} 39. Rxc1 Rxc1#) 38. Bxa4+ Kd8 39. Bd2 fxe4 {[#]} 40. Rc1 $1 {[%mdl 512]} Bc5 {[#]} 41. Qe6 (41. Ba5 $142 $1 {[%csl Ga4][%cal Rh3d7][%mdl 512]} Ke7 (41... Qxa5 42. Qd7#) 42. Bxc7 Rxc7 {[#]} 43. Rxc5 $1 {[%mdl 576] Deflection} Rxc5 44. Qd7+ Kf6 45. Qg7+ {[%mdl 64] Double Attack} Ke6 46. Bb3+ Kd6 47. Qxf8+ Kd7 48. Qxc5) 41... Qe7 (41... Qd6 $18 42. Ba5+ Rc7) 42. Qd5+ Qd6 43. Ba5+ Ke7 44. Qxe4 $2 (44. Qb7+ {mates} Ke6 45. Bb3+ Kf5 46. Qxh7+ Kf4 47. Rf1+ Ke3 48. Re1+ Kf2 49. Qxe4) 44... Qg6 $17 45. Qxg6 hxg6 46. b4 (46. Bc2 $17) 46... Bd6 $19 47. Rg1 $2 (47. Bc6) 47... e4 48. Rxg6 $2 (48. h7 Rf7 49. Bb6) 48... Rf1+ 49. Kb2 Rf2+ 50. Kb3 Rc3# {Accuracy: White = 48%, Black = 46%.} 0-1

[Event "47th GER-ch Blitz 2020"]
[Site "Magdeburg"]
[Date "2020.08.15"]
[Round "8.5"]
[White "Schoewel, Matthias"]
[Black "Svane, Rasmus"]
[Result "0-1"]
[WhiteElo "2218"]
[BlackElo "2613"]
[Annotator "TA"]
[PlyCount "50"]
[EventDate "2020.07.28"]
[EventType "tourn"]
[EventCountry "GER"]
[SourceTitle "playchess.com"]
[Source "ChessBase"]
[SourceQuality "1"]

{[%evp 17,50,0,0,-10,-7,-12,-9,-35,0,0,32,39,38,-22,21,-22,-18,-26,-21,-54,-34,-58,-57,-50,-49,-282,-81,-116,-114,-729,-712,-1106,-1023,-29997,-29998]} 1. e4 c6 2. d4 d5 3. Nc3 dxe4 4. Nxe4 Nf6 5. Nxf6+ exf6 6. Nf3 Bd6 7. Be2 O-O 8. O-O Re8 9. Be3 Nd7 {[%cal Bb8d7,Bd7f8,Bf8g6][%mdl 32]} 10. Qd2 {B15: Caro-Kann: 3 Nc3: 3...g6 and 3...dxe4 4 Nxe4 Nf6 5 Nxf6+ exf6.} Nf8 11. Rfe1 Ng6 12. c4 {The position is equal.} Be6 13. Rad1 {[#]} Bf5 $146 ({Predecessor:} 13... Qc7 14. d5 cxd5 15. cxd5 Bg4 16. h3 Bxf3 17. Bxf3 Ne5 18. Be2 Nc4 19. Bxc4 Qxc4 {1-0 (43) Mitrovic,J (2177)-Cunjalo,F (2054) Sarajevo 2017}) 14. d5 {And now dxc6 would win.} c5 15. a3 ({White should play} 15. b4 $14) 15... b6 16. b4 Qc7 17. bxc5 bxc5 18. h3 Qd7 19. Bf1 $1 Be4 $1 20. Be2 h6 21. Nh2 $2 {[#]} ({Better is} 21. Qa5 $15) 21... Re7 $2 (21... Bxg2 $1 $19 {[%mdl 512]} 22. Bg4 (22. Kxg2 Nh4+) 22... f5) 22. Bf3 Qc7 23. Nf1 $2 {[%mdl 8192]} (23. g3 $17) 23... Bxf3 $19 24. gxf3 Qd7 25. Kg2 Nh4+ {Accuracy: White = 29%, Black = 67%.} 0-1

[Event "47th GER-ch Blitz 2020"]
[Site "Magdeburg"]
[Date "2020.08.15"]
[Round "8.6"]
[White "Stein, Robert"]
[Black "Koch, Thomas"]
[Result "1-0"]
[WhiteElo "2325"]
[BlackElo "2461"]
[Annotator "TA"]
[PlyCount "81"]
[EventDate "2020.07.28"]
[EventType "tourn"]
[EventCountry "GER"]
[SourceTitle "playchess.com"]
[Source "ChessBase"]
[SourceQuality "1"]

{[%evp 15,80,37,70,45,48,54,103,99,114,119,113,85,103,87,92,89,83,83,143,137,125,124,160,137,175,96,83,-19,-25,-22,-18,-40,-39,-74,0,0,0,0,0,0,0,-103,0,0,0,0,0,-37,-34,-110,0,-22,-12,-33,-34,-41,-41,-27,-14,-45,-54,-45,96,0,29981,67,29999]} 1. d4 Nf6 2. c4 e6 3. g3 Bb4+ 4. Bd2 Qe7 5. Bg2 Bxd2+ 6. Qxd2 c5 7. Nf3 O-O 8. Nc3 d6 9. O-O {E11: Bogo-Indian.} Nc6 10. Rad1 {[#]} cxd4 $146 ({Predecessor:} 10... Rd8 11. a3 h6 12. d5 exd5 13. Nxd5 Nxd5 14. cxd5 Ne5 15. Qc2 Nxf3+ 16. Bxf3 Bh3 {0-1 (37) Koridze,L (1996)-Berend,E (2326) chess.com INT 2020}) 11. Nxd4 {White is better.} Ne5 12. b3 a6 13. Nf3 (13. f4 {looks sharper.} Ng6 14. Nc2 Rd8 15. e4 Ne8 16. Rf3) 13... Nxf3+ 14. Bxf3 Rd8 15. Qe3 Qc7 16. Na4 Nd7 (16... Bd7 $142) 17. Qd4 $16 Ne5 18. Bg2 Rb8 19. Qb6 Qe7 {[#]} 20. Rd2 (20. Nc5 $1 $18 {[%mdl 512]}) 20... Bd7 21. f4 (21. Rxd6 $16 {aiming for Rfd1.} Bxa4 22. Rxd8+ Qxd8 23. Qxd8+ Rxd8 24. bxa4) 21... Nxc4 $1 $11 22. bxc4 {Threatens to win with Nc3.} Bxa4 23. Rb1 h6 24. h3 Qf6 (24... e5 $17) 25. Rxd6 Bc6 26. Rxd8+ Rxd8 27. Bxc6 bxc6 {[%mdl 4096] Endgame KQR-KQR} 28. Qe3 (28. Qxc6 $11 Qf5 29. Rc1) 28... Rd4 (28... Qf5 $1 $17 {[%cal Rf5b1]} 29. Rb3 Qxh3) 29. c5 Rd5 30. Rb8+ Kh7 31. Qe4+ g6 32. Rb6 {[#]} ({White should try} 32. Qe3 $15) 32... Rxc5 (32... Qc3 $1 $17 {[%cal Rc3g3][%mdl 512]} 33. Kg2 Qxc5) 33. Rxa6 Qa1+ 34. Kf2 Rc1 35. Ra7 Rf1+ 36. Kg2 Rg1+ 37. Kf3 Qf1+ {[#]} 38. Kg4 $1 {[%mdl 512] [#]} h5+ {[#]} (38... Rxg3+ $1 $15 {[%mdl 512]} 39. Kxg3 Qg1+ {[%mdl 64] Double Attack} 40. Kf3 Qxa7) 39. Kh4 (39. Kg5 $1 $16 {[%mdl 512] White wants to mate with Qxg6+.} Rxg3+ {[%mdl 64] Double Attack} 40. Kf6 Qa1+ 41. Qe5 Qxe5+ 42. fxe5) 39... Kh6 $2 {[%mdl 8192] [#]} (39... Rxg3 $11 40. Rxf7+ Kg8 $1 {[%mdl 512]} 41. Rf8+ (41. Kxg3 Kxf7 42. Qe5 Qe1+ 43. Kf3 Qh1+ 44. Kg3 Qg1+ 45. Kf3 Qh1+ 46. Kg3 Qg1+ 47. Kf3 Qh1+ $11) (41. Qxe6 Qxh3+ 42. Qxh3 Rxh3+ 43. Kxh3 Kxf7 $11) 41... Kxf8 42. Kxg3 Kf7) 40. Qe5 $2 (40. Qb4 $1 {mates} Qa1 41. Rxf7 g5+ 42. fxg5+ Kg6 43. Qf8 Qd4+ 44. Rf4 Qxf4+ 45. gxf4) 40... f5 $2 {[%mdl 8192]} (40... Qa1 $14 41. Qxa1 Rxa1) 41. Qh8# {Accuracy: White = 57%, Black = 54%.} 1-0

[Event "47th GER-ch Blitz 2020"]
[Site "Magdeburg"]
[Date "2020.08.15"]
[Round "8.7"]
[White "Krause, Benedict"]
[Black "Meier, Georg"]
[Result "1/2-1/2"]
[WhiteElo "2425"]
[BlackElo "2621"]
[Annotator "TA"]
[PlyCount "90"]
[EventDate "2020.07.28"]
[EventType "tourn"]
[EventCountry "GER"]
[SourceTitle "playchess.com"]
[Source "ChessBase"]
[SourceQuality "1"]

{[%evp 14,90,50,29,19,7,25,26,41,0,0,1,0,-11,-30,-43,-43,-104,-109,-119,-89,-92,-92,-92,-86,-108,-81,-86,-92,-128,-64,-70,-78,-63,-65,-65,-55,-69,-34,-34,-34,-37,-37,-37,-37,-37,-35,-44,-37,-58,-14,-19,0,0,0,0,0,0,101,-145,0,0,0,0,0,0,0,0,0,0,0,0,0,0,0,0,0,0,0]} 1. e4 e6 2. d4 d5 3. Nc3 dxe4 4. Nxe4 Nd7 5. Nf3 Ngf6 6. Bd3 c5 7. Nxf6+ Nxf6 8. Bg5 cxd4 {C10: French with 3 Nc3: Unusual Black 3rd moves and 3...dxe4.} 9. Nxd4 Bc5 10. Nb3 Bd6 {White has an edge.} 11. O-O Bd7 12. Qf3 Qc7 13. Bxf6 gxf6 {[#]} 14. Kh1 $146 ({Predecessor:} 14. Qh5 Be5 15. c3 Bc6 16. Rfe1 Rg8 17. Be4 Rd8 18. Bxc6+ Qxc6 19. g3 Rg7 20. Rad1 Rxd1 21. Rxd1 {1-0 (45) Montalvo Torres,J-Hampe,F CiF corr 2001}) 14... f5 $36 {[%mdl 2048] Black has the initiative.} 15. Rae1 (15. Qh5 $15) 15... O-O-O $17 16. Nd4 Be5 ({Weaker is} 16... Bxh2 17. g3 $14) 17. Nb5 Bxb5 $1 18. Bxb5 Bxb2 19. Rb1 Bd4 (19... Qxc2 {with more complications.} 20. Rfd1 Rxd1+ 21. Rxd1 h5 22. h4 Qe4) 20. Bd3 Bb6 21. Rb5 Qc6 (21... Rd4 $17 22. g3 Kb8) 22. Qxc6+ $15 bxc6 23. Rb4 Kc7 24. g3 h5 25. Kg2 Rd4 26. Rxd4 Bxd4 {[%mdl 4096] Endgame KRB-KRB} 27. Rb1 h4 28. Rb4 h3+ 29. Kf3 Bc5 30. Rc4 Kd6 31. Bf1 e5 32. Rh4 Rb8 33. Rh6+ Kd5 34. Bxh3 e4+ 35. Kf4 Bd6+ (35... Rb2 $11 {keeps the balance.} 36. Bxf5 Bd6+ 37. Kg4 Rxc2) 36. Kg5 $2 (36. Kxf5 $16 {Hoping for Bg2.} Re8 37. Rf6) 36... Rb2 ({Black should play} 36... Ke5 $17 37. Rh7 Rg8+ 38. Kh6 Kf6) 37. Bxf5 $11 {The position is equal.} Rxc2 {[#]} 38. Bxe4+ $1 {[%mdl 512]} Kxe4 39. Rxd6 Rxf2 40. Rxc6 {aiming for h4.} Rxa2 {KR-KR} 41. Rf6 {Threatens to win with h4.} Rxh2 42. Rxf7 a5 43. Ra7 Ra2 44. g4 a4 45. Kg6 Ke5 {Accuracy: White = 81%, Black = 74%.} 1/2-1/2

[Event "47th GER-ch Blitz 2020"]
[Site "Magdeburg"]
[Date "2020.08.15"]
[Round "8.8"]
[White "Muranyi, Karl-Jasmin"]
[Black "Frischmann, Rick"]
[Result "1-0"]
[WhiteElo "2331"]
[BlackElo "2347"]
[Annotator "TA"]
[PlyCount "101"]
[EventDate "2020.07.28"]
[EventType "tourn"]
[EventCountry "GER"]
[SourceTitle "playchess.com"]
[Source "ChessBase"]
[SourceQuality "1"]

{[%evp 10,101,15,0,6,7,4,9,10,4,35,-14,6,15,7,7,34,28,35,7,20,7,18,30,53,24,40,35,88,0,0,-1,39,-27,-29,-26,-17,-10,-6,-48,-49,-49,-48,-75,-52,-56,-48,-83,-59,-71,-39,-95,-65,-148,-140,-154,-156,-160,-155,-189,-162,-197,-22,-20,0,0,141,95,303,302,520,483,903,883,1191,1088,1201,1031,1533,785,1581,1563,1393,1137,12837,2166,12840,1410,12844,12843,12843,12844,12844,12845]} 1. d4 d5 2. Nf3 Nc6 3. Bf4 Bg4 4. Nbd2 e6 5. c3 Bd6 6. Bg3 Nf6 {D02: 1 d4 d5 2 Nf3 sidelines, including 2...Nf6 3 g3 and 2...Nf6 3 Bf4.} 7. e3 O-O 8. Be2 Bxg3 {The position is equal.} 9. hxg3 {[#]} Re8 $146 ({Predecessor:} 9... Qd6 10. Qc2 Bf5 11. Bd3 Bxd3 12. Qxd3 e5 13. dxe5 Nxe5 14. Nxe5 Qxe5 15. Nf3 Qe4 {½-½ (45) Pereszlenyi,G (2045)-Jakubek,P (2155) Slovakia 2009}) 10. b4 a6 11. a4 h6 12. O-O Qd6 13. Qc2 Ne7 14. b5 axb5 15. axb5 Rxa1 16. Rxa1 Nd7 17. Ra7 Qb6 18. Qa2 e5 (18... c5 $14) 19. Bf1 (19. Ra8 $16 Rxa8 20. Qxa8+ Kh7 21. Qd8 (21. dxe5 Nxe5 22. Nxe5 Bxe2 $16)) 19... e4 $36 {[%mdl 2048] Threatens to win with ...Nc8. Black fights for an advantage.} 20. Ne1 h5 (20... Nc8 {seems wilder.} 21. Ra5 Qe6 22. c4 dxc4 23. Bxc4 Qg6) 21. Qa5 (21. c4 $14) 21... Qxa5 22. Rxa5 Nc8 23. Nc2 Ndb6 24. Nb4 Nd6 25. Ra7 Bd7 26. Ra5 Rc8 27. Be2 g6 28. Kf1 Kf8 29. Ke1 Ke7 30. Kd1 (30. Nb3 $15) 30... f5 31. Kc2 (31. Nb3 $15) 31... Rh8 $17 32. Kb3 h4 33. gxh4 Rxh4 34. c4 dxc4+ 35. Nxc4 Nbxc4 $2 ({Black should try} 35... Be6 $19 36. d5 Nxd5 37. Nxd6 Kxd6 38. Nxd5 Bxd5+ 39. Bc4 Bxc4+ 40. Kxc4 Rh2) 36. Bxc4 $11 Rh2 37. Nd5+ Kf8 (37... Kd8 $1 $11 {remains equal.}) 38. Ra8+ $16 Kg7 $2 {Loses the game.} (38... Bc8 $16) 39. Nxc7 $18 Rxg2 $2 (39... Kf6 {was worth a try.} 40. Nd5+ Kf7) 40. Rd8 {White is clearly winning.} Nxc4 (40... Bxb5 $142 41. Rxd6 Bxc4+ 42. Kxc4 Rxf2 43. Ne6+ Kf6 44. Nf4+ Kf7 45. Nxg6 Re2) 41. Rxd7+ Kf6 42. Kxc4 Rxf2 {[%mdl 4096] Endgame KRN-KR} 43. Nd5+ {[%mdl 64] [#] Discovered Attack} Ke6 44. Re7+ Kd6 45. Rxb7 Rc2+ 46. Nc3 g5 47. Rg7 f4 48. Rxg5 fxe3 49. Rg3 e2 50. Re3 {[%mdl 64] [#] Double Attack} Rc1 51. Rxe2 {Accuracy: White = 59%, Black = 48%.} 1-0

[Event "47th GER-ch Blitz 2020"]
[Site "Magdeburg"]
[Date "2020.08.15"]
[Round "8.9"]
[White "Braeuning, Rudolf Wilhelm"]
[Black "Dobrikov, Marco"]
[Result "1/2-1/2"]
[WhiteElo "2244"]
[BlackElo "2290"]
[Annotator "RC"]
[PlyCount "198"]
[EventDate "2020.07.28"]
[EventType "tourn"]
[EventCountry "GER"]
[SourceTitle "playchess.com"]
[Source "ChessBase"]
[SourceQuality "1"]
[TimeControl "180+2"]

1. e4 {[%emt 0:00:00]} c5 {[%emt 0:00:00]} 2. c3 {[%emt 0:00:01]} Nf6 {[%emt 0:00:01]} 3. e5 Nd5 4. d4 {[%emt 0:00:01]} cxd4 {[%emt 0:00:01]} 5. Nf3 {[%emt 0:00:02]} Nc6 {[%emt 0:00:01]} 6. Bc4 {[%emt 0:00:01]} Nb6 {[%emt 0:00:00]} 7. Bb3 {[%emt 0:00:02]} d5 {[%emt 0:00:01]} 8. exd6 {[%emt 0:00:01]} Qxd6 {[%emt 0:00:01]} 9. O-O {[%emt 0:00:02]} g6 {[%emt 0:00:06]} 10. Ng5 {[%emt 0:00:23]} e6 {[%emt 0:00:05]} 11. Na3 {[%emt 0:00:17]} a6 {[%emt 0:00:04]} 12. Qf3 {[%emt 0:00:10]} Qe7 {[%emt 0:00:14]} 13. Ne4 {[%emt 0:00:08]} Bg7 {[%emt 0:00:37]} 14. Bg5 {[%emt 0:00:06]} Qc7 {[%emt 0:00:19]} 15. Nf6+ {[%emt 0:00:28]} Kf8 {[%emt 0:00:02]} 16. Bf4 {[%emt 0:00:43]} Qe7 {[%emt 0:00:13]} 17. Ne4 {[%emt 0:00:03]} e5 {[%emt 0:00:55]} 18. Bg5 {[%emt 0:00:02]} Qd7 {[%emt 0:00:01]} 19. Nd6 {[%emt 0:00:21]} f5 {[%emt 0:00:01]} 20. Nf7 {[%emt 0:00:24]} Na5 {[%emt 0:00:25]} 21. Nxh8 {[%emt 0:00:03]} Nxb3 {[%emt 0:00:02]} 22. axb3 {[%emt 0:00:01]} Bxh8 {[%emt 0:00:01]} 23. cxd4 {[%emt 0:00:01]} e4 {[%emt 0:00:05]} 24. Qg3 {[%emt 0:00:04]} Nd5 {[%emt 0:00:04]} 25. Rac1 {[%emt 0:00:09]} b5 {[%emt 0:00:02]} 26. Bf4 {[%emt 0:00:04]} Bb7 {[%emt 0:00:01]} 27. Be5 {[%emt 0:00:01]} Kf7 {[%emt 0:00:04]} 28. Qh4 {[%emt 0:00:01]} Bxe5 {[%emt 0:00:06]} 29. dxe5 {[%emt 0:00:01]} Kg7 {[%emt 0:00:01]} 30. Rfd1 {[%emt 0:00:04]} Re8 {[%emt 0:00:05]} 31. Nc2 {[%emt 0:00:04]} Rxe5 {[%emt 0:00:02]} 32. Nd4 {[%emt 0:00:00]} Qe7 {[%emt 0:00:05]} 33. Qxe7+ {[%emt 0:00:02]} Rxe7 {[%emt 0:00:01]} 34. Rc5 {[%emt 0:00:01]} Nb4 {[%emt 0:00:04]} 35. Ne2 {[%emt 0:00:07]} Nd3 {[%emt 0:00:01]} 36. Rc3 {[%emt 0:00:03]} b4 {[%emt 0:00:08]} 37. Rc2 {[%emt 0:00:03]} Bd5 {[%emt 0:00:02]} 38. Nd4 {[%emt 0:00:00]} Bf7 {[%emt 0:00:01]} 39. f3 {[%emt 0:00:02]} Rd7 {[%emt 0:00:01]} 40. Ne2 {[%emt 0:00:02]} Bxb3 {[%emt 0:00:02]} 41. Rdc1 {[%emt 0:00:01]} Bxc2 {[%emt 0:00:01]} 42. Rxc2 {[%emt 0:00:01]} exf3 {[%emt 0:00:02]} 43. gxf3 {[%emt 0:00:00]} Ne1 {[%emt 0:00:01]} 44. Rc6 {[%emt 0:00:04]} Nxf3+ {[%emt 0:00:02]} 45. Kf2 {[%emt 0:00:01]} Nxh2 {[%emt 0:00:01]} 46. Rxa6 {[%emt 0:00:00]} Ng4+ {[%emt 0:00:01]} 47. Kf3 {[%emt 0:00:01]} Rd3+ {[%emt 0:00:01]} 48. Kf4 {[%emt 0:00:02]} Kh6 {[%emt 0:00:06]} 49. Ng3 {[%emt 0:00:09]} Kg7 {[%emt 0:00:11]} 50. Ra7+ {[%emt 0:00:01]} Kg8 {[%emt 0:00:01]} 51. Ra8+ {[%emt 0:00:00]} Kf7 {[%emt 0:00:02]} 52. Ra7+ {[%emt 0:00:01]} Kf6 {[%emt 0:00:02]} 53. Ra6+ {[%emt 0:00:02]} Ke7 {[%emt 0:00:01]} 54. Ne2 {[%emt 0:00:11]} Rd2 {[%emt 0:00:01]} 55. Ng3 {[%emt 0:00:02]} Rxb2 {[%emt 0:00:01]} 56. Kg5 {[%emt 0:00:04]} Rd2 {[%emt 0:00:02]} 57. Kf4 {[%emt 0:00:02]} b3 {[%emt 0:00:02]} 58. Rb6 {[%emt 0:00:01]} Rd3 {[%emt 0:00:01]} 59. Ne2 {[%emt 0:00:02]} Nf6 {[%emt 0:00:03]} 60. Rb7+ {[%emt 0:00:01]} Nd7 {[%emt 0:00:02]} 61. Nc1 {[%emt 0:00:01]} Rd4+ {[%emt 0:00:01]} 62. Ke3 {[%emt 0:00:01]} Re4+ {[%emt 0:00:01]} 63. Kd3 {[%emt 0:00:01]} Kd6 {[%emt 0:00:01]} 64. Nxb3 {[%emt 0:00:01]} h5 {[%emt 0:00:03]} 65. Ra7 {[%emt 0:00:03]} Ke6 {[%emt 0:00:06]} 66. Nd4+ {[%emt 0:00:01]} Ke7 {[%emt 0:00:03]} 67. Nc6+ Ke8 68. Nd4 {[%emt 0:00:05]} Ne5+ {[%emt 0:00:02]} 69. Kc3 {[%emt 0:00:01]} Re3+ {[%emt 0:00:01]} 70. Kb4 {[%emt 0:00:02]} h4 {[%emt 0:00:02]} 71. Kc5 {[%emt 0:00:01]} Nd7+ {[%emt 0:00:01]} 72. Kd6 {[%emt 0:00:04]} Re4 {[%emt 0:00:04]} 73. Ne6 {[%emt 0:00:02]} Rxe6+ {[%emt 0:00:09]} 74. Kxe6 Nc5+ {[%emt 0:00:01]} 75. Kf6 {[%emt 0:00:02]} Ne4+ {[%emt 0:00:01]} 76. Kxg6 {[%emt 0:00:02]} h3 {[%emt 0:00:00]} 77. Ra2 {[%emt 0:00:01]} Ng3 {[%emt 0:00:02]} 78. Kg5 {[%emt 0:00:02]} Nf1 {[%emt 0:00:01]} 79. Rf2 {[%emt 0:00:03]} Ne3 {[%emt 0:00:02]} 80. Kf4 {[%emt 0:00:01]} Ng4 {[%emt 0:00:01]} 81. Rf1 {[%emt 0:00:03]} Kf7 {[%emt 0:00:02]} 82. Rh1 {[%emt 0:00:00]} Nf2 {[%emt 0:00:01]} 83. Rh2 {[%emt 0:00:01]} Ne4 {[%emt 0:00:02]} 84. Kxf5 {[%emt 0:00:01]} Nd6+ {[%emt 0:00:01]} 85. Kf4 {[%emt 0:00:02]} Nc4 {[%emt 0:00:00]} 86. Rxh3 Nd6 87. Rh6 {[%emt 0:00:02]} Ke7 {[%emt 0:00:02]} 88. Rh7+ {[%emt 0:00:02]} Ke6 {[%emt 0:00:01]} 89. Ra7 {[%emt 0:00:01]} Kd5 {[%emt 0:00:01]} 90. Ke3 {[%emt 0:00:01]} Ke5 {[%emt 0:00:01]} 91. Ra5+ {[%emt 0:00:01]} Ke6 {[%emt 0:00:00]} 92. Kd4 {[%emt 0:00:02]} Nf5+ {[%emt 0:00:02]} 93. Kc4 {[%emt 0:00:02]} Nd6+ {[%emt 0:00:00]} 94. Kd3 {[%emt 0:00:03]} Nf5 {[%emt 0:00:03]} 95. Rb5 {[%emt 0:00:02]} Nd6 {[%emt 0:00:01]} 96. Rb2 {[%emt 0:00:03]} Kd5 {[%emt 0:00:00]} 97. Rd2 {[%emt 0:00:01]} Ke5 {[%emt 0:00:01]} 98. Ke3 Nc4+ 99. Kd3 Nxd2 1/2-1/2

[Event "47th GER-ch Blitz 2020"]
[Site "Magdeburg"]
[Date "2020.08.15"]
[Round "8.10"]
[White "Bluebaum, Matthias"]
[Black "Zelbel, Patrick"]
[Result "1/2-1/2"]
[WhiteElo "2647"]
[BlackElo "2448"]
[Annotator "TA"]
[PlyCount "44"]
[EventDate "2020.07.28"]
[EventType "tourn"]
[EventCountry "GER"]
[SourceTitle "playchess.com"]
[Source "ChessBase"]
[SourceQuality "1"]

{[%evp 23,44,6,15,8,8,8,10,8,0,0,17,-89,-9,-33,58,58,20,0,9,-18,-30,-15,-22]} 1. d4 g6 2. c4 Bg7 3. e4 c5 4. d5 d6 5. h3 e6 6. Nc3 exd5 7. cxd5 Nf6 8. Nf3 O-O 9. Bd3 b5 10. Nxb5 Re8 11. O-O Nxe4 12. Re1 a6 13. Nc3 {A70: Modern Benoni: 6 e4 g6 7 Nf3.} Nxc3 14. Rxe8+ Qxe8 15. bxc3 Bxc3 16. Rb1 Nd7 {[#]} 17. Bh6 $146 (17. Qa4 $11 {remains equal.} Nf6 18. Qc4) ({Predecessor:} 17. Qa4 Qd8 18. Bf4 Ne5 19. Bxe5 dxe5 20. Qc6 Bd7 21. Qxc5 e4 22. Bxe4 Rc8 23. Qe3 {1-0 (71) Gallego Alcaraz,A (2502)-Papp,G (2603) Caleta 2019}) 17... Bf6 (17... Ne5 $17) 18. Nd2 Rb8 (18... Qe7 $15) 19. Rxb8 $14 Nxb8 20. Ne4 Be5 21. f4 Bd4+ 22. Kh2 Qe7 {Accuracy: White = 64%, Black = 46%.} 1/2-1/2

[Event "47th GER-ch Blitz 2020"]
[Site "Magdeburg"]
[Date "2020.08.15"]
[Round "8.11"]
[White "Weller, Manuel"]
[Black "Wichmann, Cliff"]
[Result "0-1"]
[WhiteElo "2237"]
[BlackElo "2305"]
[Annotator "TA"]
[PlyCount "134"]
[EventDate "2020.07.28"]
[EventType "tourn"]
[EventCountry "GER"]
[SourceTitle "playchess.com"]
[Source "ChessBase"]
[SourceQuality "1"]

{[%evp 18,134,0,-11,31,33,28,28,28,28,32,27,36,37,40,47,40,28,47,35,36,20,18,13,16,10,24,0,10,0,0,0,0,-22,-25,-48,-54,-47,0,0,0,-28,-26,-26,-11,-43,0,-16,0,-5,76,-74,-31,-39,-12,-114,-114,-127,-8,-8,-7,-8,0,0,0,0,0,-5,-7,-25,0,-8,0,0,0,-11,-13,-632,-633,-798,-790,-802,-794,-1012,-1002,-1029,-994,-900,-725,-1244,-1177,-1497,-1486,-1929,-1925,-1263,-588,-29964,-29969,-29971,-29971,-29980,-29981,-29981,-29982,-29982,-29983,-29983,-29984,-29986,-29987,-29987,-29988,-29988,-29989,-29989,-29990,-29990,-29991]} 1. c4 e6 2. g3 d5 3. Bg2 Nf6 4. Nf3 Be7 5. O-O O-O 6. b3 d4 7. Bb2 c5 8. e3 Nc6 9. exd4 cxd4 10. Re1 Bd6 {A14: English Opening: 1...e6 with b3 by White.} 11. Nxd4 Nxd4 12. Bxd4 Bxg3 $1 {White has an edge.} 13. hxg3 Qxd4 14. Nc3 Rd8 15. Qf3 Rb8 16. Nb5 Qb6 17. Qe3 {[#]} Qxe3 $146 ({Predecessor:} 17... Bd7 18. Qxb6 axb6 19. a4 Kf8 20. Red1 Ke7 21. d4 Bc6 22. Rd2 Rd7 23. Re1 h5 {½-½ (40) Yakovich,Y (2567)-Vitiugov,N (2638) Serpukhov 2008}) 18. dxe3 a6 19. Nc3 (19. Red1 {with more complications.} Rxd1+ 20. Rxd1 Kf8 21. Nd6 b6 22. f4) 19... Kf8 20. Red1 Rxd1+ 21. Rxd1 Ke7 22. Kf1 Bd7 23. Ke2 b5 24. cxb5 axb5 25. Rd4 b4 26. Na4 e5 27. Rd2 Rb5 28. Rc2 Ra5 29. Nb6 Bf5 30. Rd2 e4 31. Nc4 Ra7 32. f3 h5 33. fxe4 Bxe4 (33... Nxe4 $11 {keeps the balance.} 34. Bxe4 Bxe4) 34. Kf2 (34. Nd6 $1 $16 {[%cal Rd6e4]} Bd3+ 35. Kxd3 (35. Rxd3 Rxa2+ 36. Kf1 Ra1+ 37. Kf2 Ng4+ 38. Ke2 Ra2+ 39. Kf1 Ra1+ 40. Ke2 Ra2+ 41. Kf1 Ra1+ 42. Ke2 $11) 35... Kxd6 36. Kc4+ Ke5 37. Kxb4) 34... Bxg2 35. Kxg2 $17 {[%mdl 4096] Endgame KRN-KRN} Ne4 36. Rc2 {[#]} (36. Rd5 $11 f6 37. Rxh5) 36... Ke6 $1 37. Kf3 Nc3 (37... f5 $17 38. Rh2 Ra6) 38. a4 bxa3 39. Nxa3 Nd5 40. Nb5 Rb7 41. Nd4+ Ke7 42. Rb2 Nb4 43. e4 Nd3 44. Rb1 Kd6 45. Ke3 Nb4 46. Kd2 Ke5 47. Kc3 $2 {[%mdl 8192] [#] Loses the game.} (47. Ke3 $11) 47... Na2+ $1 $19 48. Kb2 Kxd4 49. Kxa2 Kxe4 {KR-KR} 50. b4 f5 51. Ka3 Ra7+ 52. Kb3 Kf3 53. Rg1 g5 54. b5 g4 55. Kb4 f4 56. gxf4 Kxf4 57. Rh1 Rh7 {Black mates.} 58. Kc5 g3 59. b6 g2 60. Rg1 Kf3 61. Rb1 h4 62. Kc6 h3 63. b7 {[#]} Rxb7 $1 {[%mdl 512]} 64. Kxb7 (64. Rxb7 g1=Q) 64... h2 65. Rb3+ Ke4 66. Rb4+ Kd5 67. Rb5+ Kc4 {Accuracy: White = 70%, Black = 81%.} 0-1